El bosque es de todos (Registro nro. 182717)

Detalles MARC
000 -ENCABEZADO
Número de control [NR] 00908 a2200265 4500
005 - FECHA Y HORA DE LA ÚLTIMA TRANSACCIÓN
control field 20180312141948.0
008 - DE LONGITUD FIJA DE DATOS DE ELEMENTOS - INFORMACIÓN GENERAL
Elementos de longitud fija [NR] 131024s2001 sp a br|||| 00| 0 spa d
020 ## - NUMERO INTERNACIONAL NORMALIZADO PARA LIBROS [R]
Número Internacional Normalizado del libro [NR] 8423650413
040 ## - FUENTE DE CATALOGACION [NR]
Agencia de catalogación original [NR] CO-BoUCM
Idioma de catalogación [NR] spa
Quien Cataloga Jose A. Gerena
Quien Clasifica Jose A. Gerena
041 10 - CODIGO DE IDIOMA [R]
Código de idioma para texto/pista de sonido o título separado [R] Español
100 1# - ASIENTO PRINCIPAL--NOMBRE PERSONAL [NR]
Nombre personal [NR] Pallarés, Albert
ID Autoridad 48964
245 13 - MENCION DE TITULO [NR]
Título [NR] El bosque es de todos
Mención de responsabilidad, etc. [NR] Albert Pallarés
250 ## - MENCION DE EDICION [NR]
Mención de edición [NR] 2a ed
260 ## - PUBLICACION, DISTRIBUCION, ETC. (PIE DE IMPRENTA) [R]
Fecha de publicación, distribución, etc. [R] 2001
Nombre del editor, distribuidor, etc. [R] Edebé
Lugar de publicación, distribución, etc. [R] Barcelona (España)
300 ## - DESCRIPCION FISICA [R]
Extensión [R] [30] páginas
Otros detalles físicos [NR] ilustraciones a color
490 ## - MENCION DE SERIE [R]
Mención de serie [R] Tren azul
-- Primeros lectores
Designación numérica/secuencial del volumen [NR] 35
650 #7 - ASIENTO SECUNDARIO DE MATERIA - TERMINO TEMATICO [R]
9 (RLIN) 18516
Término temático o nombre geográfico como elemento de entrada [NR] Libros ilustrados para niños
650 #7 - ASIENTO SECUNDARIO DE MATERIA - TERMINO TEMATICO [R]
9 (RLIN) 18524
Término temático o nombre geográfico como elemento de entrada [NR] Libros y lectura para niños
650 #7 - ASIENTO SECUNDARIO DE MATERIA - TERMINO TEMATICO [R]
9 (RLIN) 18684
Término temático o nombre geográfico como elemento de entrada [NR] Literatura infantil española
650 #7 - ASIENTO SECUNDARIO DE MATERIA - TERMINO TEMATICO [R]
9 (RLIN) 9115
Término temático o nombre geográfico como elemento de entrada [NR] Animales en la literatura
690 ## - ASUNTO AGREGADO LOCAL DE ENTRADA - TÉRMINO TEMÁTICO (OCLC, RLIN)
9 (RLIN) 42863
Acceso temático local Literatura europea
765 ## - ASIENTO DE IDIOMA ORIGINAL [R]
Título [NR] El toll és de tots
942 ## - ELEMENTOS DE ENTRADA AGREGADOS (KOHA)
Tema principal Literatura
Tipo de ítem principal el descrito en 300a Libro
Edición 2
Parte restante de la signatura top. P164
Sistema de clasificación DEWEY
Clasificación 868.64
Título oculto en OPAC No
Existencias
Total préstamos Signatura topográfica Código de barras Última vez visto Volúmen / Fascículo Ejemplar Costo de reposición Price effective from Tipo de ítem Nota pública (OPAC) Perdido Sistema de clasificación Dañado No prestable Tipo de ítem específico Suprimido Ubicación habitual Ubicación actual Localización Fecha de creación Proveedor Forma de adquisición Costo
  868.64 P164 200027126 11/12/2025 2a.Ed. Ej.1 26000.00 02/08/2013 Libro Spot Literatura Infantil   DEWEY     Libro   Quinta de Mutis Quinta de Mutis Mezanecs 02/08/2013 12 Donación 0.00